| 000 | 03246nam a22002777a 4500 | ||
|---|---|---|---|
| 001 | 9218 | ||
| 003 | FISKH | ||
| 005 | 20251203084904.0 | ||
| 008 | 251203b cb ||||| |||| 00| 0 eng d | ||
| 040 |
_aFISKH _bkhr _cFISKH _dFISKH |
||
| 050 | _aPZ7 | ||
| 082 | _a398.2 | ||
| 100 | _aSarik , Iv | ||
| 245 |
_aពេលដែលវីរជនត្រូវសំលាប់ : _bWhen the heroes are killed / _cនិពន្ធដោយ អុីវ សារីក , គូររូបដោយ អេត អូ |
||
| 260 |
_aភ្នំពេញ : _c២០០៨ . |
||
| 300 |
_a18 pages : _bcolor illustrations ; _c30 cm . |
||
| 505 | _aJ | ||
| 520 | _aតាំងពីដើមឡើយទឹកសមុទ្រតែងតែបោកបក់ធ្វើអោយច្រាំងដីបាក់ជារៀងរាល់ឆ្នាំ ។ សត្វនិងរុក្ខជាតិនៅក្នុងព្រៃមានការបារម្ភេជាខ្លាំងក៏បើកអង្គប្រជុំដើម្បីរកវិធីដោះស្រាយ ។ តែពួកគេមិនអាចដោះស្រាយបានទេ ។ នៅទីបំផុតដើមកោងកាងក៏ស្ម័គ្រចិត្តទៅប្រយុទ្ធនឹងសមុទ្រ ។ ដោយហេតុនេះហើយទើបមានដើមកោងកាងដុះក្រាស់នៅតាមសមុទ្រការពារដី។ ដោយសារពលីកម្មនេះរុក្ខជាតិនិងសត្វក៏រស់នៅសុខសប្បាយរហូត ។ ពួកគេគោរពកោងកាងជារីរជន ហើយកោរសក់មួយឆ្នាំម្តងដើម្បីសងគុណ ។ ដូច្នេះទើបរុក្ខជាតិតែងតែជម្រុះស្លឹករៀងរាល់មួយឆ្នាំម្តង ។ ប៉ុន្តែបច្ចុប្បន្ននេះព្រៃកោងកាងត្រូវបានបំផ្លាញដោយមនុស្ស ។ | ||
| 520 | _aFrom the very beginning, the sea had always beaten against the shore, causing the land to erode year after year. The animals and plants in the forest were deeply worried and held a meeting to find a solution. But they could not find one. At last, the mangrove tree volunteered to fight against the sea. Because of this sacrifice, mangrove trees grew thick along the coast to protect the land. Thanks to this effort, the plants and animals lived happily ever since. They honored the mangrove as their hero and shed their leaves once a year as an offering of gratitude. That is why plants always shed their leaves once every year. But nowadays, the mangrove forests are being destroyed by humans. | ||
| 521 | 8 |
_a500
_bLexile estimate |
|
| 521 | 8 |
_aJ
_bRaz-Plus |
|
| 650 |
_aពេលដែលវីរជនត្រូវសំលាប់ _vរឿងនិទានអប់រំ |
||
| 650 |
_aWhen the heroes are killed _vChildren's Stories |
||
| 700 |
_aO , Eth _eIllustrator |
||
| 942 |
_2ddc _cKHB _n0 |
||
| 999 |
_c9218 _d9218 |
||